000 00294nam a22001337a 4500
008 181022b xxu||||| |||| 00| 0 eng d
020 _a2900878935726
041 _aeng
080 _a159.9
100 _a49
101 _aPSI
245 _aSensation & Perception
_cWolfe, J.M
942 _2udc
_cBK
999 _c50521
_d50521